000 00508nam a2200181Ia 4500
001 23476
005 20260414150939.0
008 260414t1994||||xx |||||||||||||| ||spa||
041 _aESP
082 _a650.1
_bK61
100 _aKlep, Paul
_eAUT
245 0 _aEntrepreneurship and the transformation of the economy :
_b(10th-20tjh centuries) essays in honour of Herman Van Der Wee
260 _c1994
300 _a693 páginas :
_c24 cm.
650 _aGEN
654 _aCCO
942 _cLIB
_dJUS
_fJUS
_2ddc
_n
999 _c23476
_d23476